000 00643nam a22002057a 4500
005 20251108164720.0
008 250721s1991 xx 000 0 ara d
082 1 4 _a811.90962/محم
100 1 _aالخفاجي، محمد عبد المنعم
245 1 0 _aالرؤيا الإبداعية في شعر أحمد زكي أبو شادي /
264 1 _aبيروت :
_bدار الجيل،
_c1991.
300 _a87ص
650 1 7 _aالشعر العربي
650 1 7 _aالتاريخ الأدبي
650 1 7 _aالنقد الأدبي
650 1 7 _aمصر
700 1 _aشرف، عبد العزيز
942 _2ddc
_cBK
999 _c12554
_d12554